00626nam a2200181 a 450000100100000000500170001000800410002704000250006808200240009324500840011726000370020130000280023850400280026665000320029465000460032665000470037270000250041900000816720251104125016.0090915s1981 dr a r 000 0 spa d aDO-SdBNPbspacBNPHU a633.61097293bM294c00aManual del cultivo de la caña de azúcar /cJosé Suazo Báez... [et al.]. aSanto Domingo :b[s. n.],c1981. a177 p. :bil. ;c21 cm. aBibliografía : p. 175 0aCaña de azucar xCultivo  4aCaña de azúcarxEnfermedades y plagas 4aCaña de azúcarzRepública Dominicana12aSuazo Báez, José